Statystyki dla Państwa członkowskie WNP

Kliknij tutaj aby rozwiązać quiz!

Ogólne statystyki

  • Ten quiz został rozwiązany 88 razy
  • Średni wynik to 9 z 10

Statystyki odpowiedzi

Państwa% Poprawnych
Rosja
97%
Białoruś
94%
Kazachstan
94%
Uzbekistan
89%
Azerbejdżan
88%
Tadżykistan
86%
Armenia
85%
Kirgistan
85%
Turkmenistan
80%
Mołdawia
77%

Rozkład punktacji

Percentyl według liczby udzielonych odpowiedzi

Procent ludzi z każdym wynikiem

Twoja historia wyników

Nie rozwiązałeś tego quizu